Uniform cost accounting for steel fabricating and kindred industries. (Record no. 74451)
[ view plain ]
| 000 -LEADER | |
|---|---|
| fixed length control field | 00896nam a2200277 a 4500 |
| 001 - CONTROL NUMBER | |
| control field | 74451 |
| 003 - CONTROL NUMBER IDENTIFIER | |
| rucl marc code | BD-RjUL |
| 005 - DATE AND TIME OF LATEST TRANSACTION | |
| control field | 20211209082544.0 |
| 008 - FIXED-LENGTH DATA ELEMENTS--GENERAL INFORMATION | |
| fixed length control field | 180927s1948 enk 000 0 eng |
| 035 ## - SYSTEM CONTROL NUMBER | |
| System control number | (BD-RjUL)74669 |
| System control number | (OCoLC)6062318 |
| 040 ## - CATALOGING SOURCE | |
| Original cataloging agency | DLC |
| Transcribing agency | OCl |
| Modifying agency | DLC |
| Language of cataloging | eng |
| 041 ## - LANGUAGE CODE | |
| Language code of text/sound track or separate title | eng |
| 082 ## - DEWEY DECIMAL CLASSIFICATION NUMBER | |
| Classification number | 338.47672 |
| Author mark and year | UNI 1948 |
| 110 2# - MAIN ENTRY--CORPORATE NAME | |
| Corporate name or jurisdiction name as entry element | Tank and Industrial Plant Association. |
| 9 (RLIN) | 222998 |
| 245 00 - TITLE STATEMENT | |
| Title | Uniform cost accounting for steel fabricating and kindred industries. |
| 260 ## - PUBLICATION, DISTRIBUTION, ETC. (IMPRINT) | |
| Place of publication, distribution, etc. | London : |
| Name of publisher, distributor, etc. | Gee, |
| Date of publication, distribution, etc. | 1948 |
| 300 ## - PHYSICAL DESCRIPTION | |
| Pagination | xiii, 147 p. : |
| Illustrations | ill. ; |
| Size | 23 cm. |
| 500 ## - GENERAL NOTE | |
| General note | Comp. by the Cost Accounting Committee. |
| General note | "First edition."--Dust jacket. |
| General note | Appendices in pull-out booklet attached to lining-paper. |
| 650 #0 - SUBJECT ADDED ENTRY--TOPICAL TERM | |
| Topical term or geographic name as entry element | Steel industry and trade |
| General subdivision | Accounting. |
| 9 (RLIN) | 222995 |
| Topical term or geographic name as entry element | Cost accounting. |
| 9 (RLIN) | 222996 |
| 942 ## - ADDED ENTRY ELEMENTS (KOHA) | |
| Source of classification or shelving scheme | Dewey Decimal Classification |
| Koha item type | Books |
| Lost status | Source of classification or shelving scheme | Damaged status | Not for loan | Permanent Location | Current Location | Shelving location | Date acquired | Total Checkouts | Full call number | Date last seen | Copy number | Koha item type |
|---|---|---|---|---|---|---|---|---|---|---|---|---|
| Dewey Decimal Classification | Central Library, University of Rajshahi | Central Library, University of Rajshahi | 27/09/2018 | 338.47672 UNI 1948 | 27/09/2018 | C-2 | Books |